[Event "ROM-ch U12"]
[Site "Calimanesti Caciulata"]
[Date "2016.04.21"]
[Round "4"]
[White "Leustean, Stefan"]
[Black "Udroiu, Mihnea Alexandru"]
[Result "1-0"]
[WhiteElo "1089"]
[BlackElo "1062"]
[PlyCount "85"]
[EventDate "2016.04.18"]
[EventType "swiss"]
[EventRounds "9"]
[EventCountry "ROU"]
[SourceTitle "CBM 172 Extra"]
[Source "ChessBase"]
[SourceDate "2016.06.21"]
[SourceVersion "1"]
[SourceVersionDate "2016.06.21"]
[SourceQuality "1"]

1. e4 e6 2. d4 c5 3. Nf3 Nf6 4. Nc3 d5 5. Bb5+ Bd7 6. Bxd7+ Qxd7 7. exd5 Nxd5 8. Nxd5 Qxd5 9. c3 c4 10. 0-0 Bd6 11. Re1 Nd7 12. b3 b5 13. Qc2 0-0 14. Ng5 g6 15. Nh3 Qh5 16. Bf4 Bxf4 17. Nxf4 Qf5 18. Qxf5 exf5 19. Re7 Nb6 20. bxc4 bxc4 21. Rb1 h5 22. a4 Nxa4 23. Rb4 Nxc3 24. Rxc4 Rfc8 25. Rxc8+ Rxc8 26. Rxa7 Rc4 27. Rd7 Kf8 28. Kf1 Ke8 29. Ra7 Rxd4 30. g3 h4 31. Kg2 Nb5 32. Ra8+ Ke7 33. Ra5 Nc3 34. Ra7+ Kf6 35. Ra6+ Kg5 36. Ra7 Kg4 37. Rxf7 h3+ 38. Nxh3 Rd3 39. Nf4 Rd6 40. h4 Rd3 41. Rg7 Rxg3+ 42. fxg3 Ne2 43. Rxg6# 1-0

[Event "ROM-ch U12"]
[Site "Calimanesti Caciulata"]
[Date "2016.04.20"]
[Round "3"]
[White "Pricope, Marco Valentin"]
[Black "Leustean, Stefan"]
[Result "1/2-1/2"]
[WhiteElo "1234"]
[BlackElo "1089"]
[PlyCount "43"]
[EventDate "2016.04.18"]
[EventType "swiss"]
[EventRounds "9"]
[EventCountry "ROU"]
[SourceTitle "CBM 172 Extra"]
[Source "ChessBase"]
[SourceDate "2016.06.21"]
[SourceVersion "1"]
[SourceVersionDate "2016.06.21"]
[SourceQuality "1"]

1. c4 e5 2. Nc3 Nc6 3. g3 Nf6 4. Bg2 d6 5. h3 Bd7 6. e3 Be7 7. Nge2 0-0 8. d4 exd4 9. exd4 Re8 10. Be3 Rb8 11. 0-0 Qc8 12. Kh2 h6 13. Qd2 Nh7 14. Nf4 Ng5 15. h4 Nh7 16. Rh1 Nf6 17. Kg1 Ng4 18. Bh3 Nxe3 19. Bxd7 Qxd7 20. Qxe3 Bf6 21. Qd2 Nxd4 22. Qd3 1/2-1/2